000 00361nam a2200145Ia 4500
005 20250411061403.0
008 240331s9999 xx 000 0 und d
082 _bMAH
_a891
100 _aMahendra,S
245 0 _aKala me kulu hamba aduna
260 _aColombo
_bDayawansa Jayakody & Company
_c1986
300 _a191 p .,
650 _aSinhala Novel
942 _cL
999 _c4947
_d4947